Welcome to the Holygrace Academy Library

Please use search bar below to get started

BRATZ PIXIE POWER (Record no. 7615)

MARC details
000 -LEADER
fixed length control field 00497nam a22001457a 4500
020 ## - INTERNATIONAL STANDARD BOOK NUMBER
ISBN 978-1-4054-8730-6
082 ## - DEWEY DECIMAL CLASSIFICATION NUMBER
Classification number 823
Item number PEY/B
100 ## - MAIN ENTRY--AUTHOR NAME
Personal name PEYMANI, CHRISTINE
245 ## - TITLE STATEMENT
Title BRATZ PIXIE POWER
260 ## - PUBLICATION, DISTRIBUTION, ETC. (IMPRINT)
Place of publication UNITED KINGDOM
Name of publisher PARRAGON
Year of publication 2007
300 ## - PHYSICAL DESCRIPTION
Number of Pages 123
520 ## - SUMMARY, ETC.
Summary, etc Friends Jade, Cloe, Yasmin, and Sasha meet sisters Cymbeline and Breeana, two fairies who are entangled in a plot by the dark fairies to take over the world.
650 ## - SUBJECT ADDED ENTRY--TOPICAL TERM
Topical Term CHILDREN'S STORY BOOK
Geographic subdivision UNITED KINGDOM
942 ## - ADDED ENTRY ELEMENTS (KOHA)
Koha item type Books
Holdings
Withdrawn status Lost status Collection code Home library Current library Shelving location Date acquired Source of acquisition Full call number Accession Number Koha item type
    Fiction Main Library Main Library SHELF 4-G FAIRY TALES,COMICS 25/03/2014 purchase 823 PEY/B 08178 Books